Trenerzy w Premier League 2020/2021 - Statystyki

Ogólne statystyki
  • Ten quiz został rozwiązany 125 razy
  • Średni wynik to 13 z 20
Statystyki odpowiedzi
klub kraj trener % Poprawnych
Manchester City ESP Pep Guardiola
98%
Liverpool GER Jurgen Klopp
97%
Arsenal ESP Mikel Arteta
97%
Chelsea ENG Frank Lampard
91%
Tottenham POR Jose Mourinho
89%
Manchester United NOR Ole Gunnar Solskjaer
89%
Everton ITA Carlo Ancelotti
85%
Leeds ARG Marcelo Bielsa
81%
Leicester NIR Brendan Rodgers
74%
Wolves POR Nuno Espirito Santo
73%
West Ham SCO David Moyes
69%
Burnley ENG Sean Dyche
65%
Brighton ENG Graham Potter
57%
Crystal Palace ENG Roy Hodgson
45%
West Bromwich Albion CRO Slaven Bilic
36%
Southampton AUT Ralph Hasenhuttl
34%
Newcastle ENG Steve Bruce
34%
Aston Villa ENG Dean Smith
32%
Fulham ENG Scott Parker
32%
Sheffield United ENG Chris Wilder
20%
Nie znaleziono quizów pasujących do podanych kryteriów
Rozkład punktacji
Procent ludzi z każdym wynikiem
Percentyl według liczby udzielonych odpowiedzi
Twoja historia wyników
Nie rozwiązałeś tego quizu